|
|
|
|
| LEADER |
00000nam a22000007a 4500 |
| 005 |
20210426231459.0 |
| 007 |
cr|||| |||| |
| 008 |
210426s2012 co |||||s|||| 00||0 spa d |
| 020 |
|
|
|a 978-958-665-230-8
|
| 035 |
|
|
|a 33199
|
| 040 |
|
|
|a vLex
|
| 090 |
|
|
|c 11534
|d 11534
|
| 100 |
1 |
|
|a Gonzl̀ez Ordovs̀, Mara̕ Još
|
| 245 |
1 |
0 |
|a Conflicto armado, justicia y reconciliacin̤
|h [Recurso electrn̤ico] /
|c Mara̕ Jos ̌Gonzl̀ez Ordovs̀, Gloria Mara̕ Gallego Garca̕
|
| 256 |
|
|
|a Servicio en ln̕ea
|
| 260 |
|
|
|a Bogot:̀
|b Siglo del Hombre Editores,
|c 2012
|
| 300 |
|
|
|a 1 recurso electrn̤ico
|
| 500 |
|
|
|a Esta obra no se orienta a analizar el estado del conflicto armado colombiano, sino que parte de la clara conciencia de la realidad nacional en la que la poblacin̤ civil ha quedado cautiva en medio del conflicto y del fuego cruzado entre las partes, sometida al albur de los poderes ilegales que disputan con el poder estatal la organizacin̤ de la vida cotidiana de la gente en muchas regiones del pas̕. Explora las posibilidades del derecho para incidir sobre la actual situacin̤ colombiana en aspectos fundamentales como los lm̕ites que demarca el derecho internacional humanitario en aras de la proteccin̤ de la poblacin̤ civil. Libro en coedicin̤ con EAFIT y la Universidad de Zaragoza.
|
| 506 |
1 |
|
|a Disponible solo en los productos indicados
|d vLex Global
|d vLex Global (Academic Edition, excluding Law Schools)
|d vLex Global (U.S. Academic Edition, Law Schools)
|d vLex Global (U.S. Academic Edition, excluding Law Schools)
|d vLex Global (Academic Edition, Law Schools)
|
| 650 |
0 |
4 |
|a Derecho Penal
|z Colombia
|
| 650 |
0 |
4 |
|a Derecho Constitucional
|z Colombia
|
| 700 |
1 |
|
|a Gallego Garca̕, Gloria Mara̕
|
| 740 |
0 |
|
|a vLex Libros (Servicio en ln̕ea)
|
| 856 |
4 |
0 |
|u https://vlex.com/source/conflicto-armado-justicia-y-reconciliacion-33199
|z Acceso restringido
|
| 942 |
|
|
|c BOOK
|
| 999 |
0 |
|
|a Criminal Law
|
| 999 |
0 |
|
|a Constitutional Law
|